000 01052nam a2200301 a 4500
001 000045224
003 DO-SdBNP
005 20250624095821.0
007 ta
008 131204s1975 dr 000 0 spa d
040 _aDO-SdBNP
_bspa
_cBNPHU
082 4 _a616.89
_bZ18m, 1975
_222
100 1 _aZaglul, Antonio,
_d1920-1996
_969657
245 1 0 _aMis 500 locos :
_bmemorias del director de un manicomio /
_cAntonio Zaglul Elmúdesi.
250 _a4a. ed.
260 _aSanto Domingo :
_bTaller,
_c1975.
300 _a162 p. ;
_c21 cm.
490 _aBiblioteca taller
_v17
500 _aIncluye datos biográficos del autor en la solapa de la contracubierta
500 _aPerteneció a la biblioteca personal del Dr. Guaroa Ginebra H.
590 _aInventariado, 2022/MFF
650 4 _aPsiquiatría
_xCasos, historias clínicas, estadística
_926961
650 4 _aTrastornos mentales
_918252
650 4 _aEnfermos mentales
_918248
830 0 _aBiblioteca taller
_n17
_926962
910 _aValidado. Control de calidad MFF
942 _2ddc
_cLBS1
999 _c44713
_d44713